MARC

LEADER 00000nam0a2200000 4500
001 65282
005 20231101212205.0
010 |a 5824304971 
035 |a (RuTPU)RU\TPU\book\69298 
090 |a 65282 
100 |a 20040617d2004 km y0rusy50 ca 
101 1 |a rus  |c fre  |c eng 
102 |a RU 
105 |a y z 001zb 
200 1 |a Избранное. Христианская философия  |e пер. с фр., англ.  |f Э. Жильсон 
210 |a Москва  |c Росспэн  |d 2004 
215 |a 704 с. 
225 1 |a Книга света 
320 |a Указатель имен: с. 695-7001. 
600 1 |a Декарт  |g Рене  |b Р.  |c французский философ, математик, физик и физиолог  |f 1596-1650  |2 stltpui  |3 (RuTPU)RU\TPU\pers\142 
606 1 |a Французская философия  |x История  |z вторая половина 19-20 в. в.  |2 stltpush  |3 (RuTPU)RU\TPU\subj\64341  |9 81247 
606 1 |a Неотомизм  |x Философия  |2 stltpush  |3 (RuTPU)RU\TPU\subj\45483  |9 64688 
610 1 |a философия 
610 1 |a история 
610 1 |a западноевропейская философия 
610 1 |a религиозная философия 
610 1 |a христианская философия 
610 1 |a Бог 
610 1 |a человек 
610 1 |a свобода 
610 1 |a бытие 
610 1 |a сущность 
686 |a Ю3(4Фр)6  |v LBC/SL-A  |2 rubbk 
686 |a Ю3(0)6-678  |v LBC/SL-A  |2 rubbk 
700 1 |a Жильсон  |b Э. А.  |c французский религиозный философ  |f 1884-1978  |g Этьен Анри  |2 stltpush  |3 (RuTPU)RU\TPU\pers\14329  |9 4722 
801 1 |a RU  |b 63413507  |c 20040617  |g PSBO 
801 2 |a RU  |b 63413507  |c 20141114  |g PSBO 
942 |c BK